000 00474nam a2200193Ia 4500
003 OSt
005 20221005120244.0
006 a|||||r|||| 00| 0
007 ta
008 221004b |||||||| |||| 00| 0 eng d
024 _a113136
037 _cTextual
040 _aCRL
_cCRL
_beng
041 _2eng
_aeng
100 _aPiaggio HTH
_9628874
245 0 _aDifferential equation and their application
942 _cTEXL
_2cc
999 _c1037415
_d1037415